Game of Thrones - Qui l'a dit ? - Statistiques

Statistiques générales
  • Ce quiz a été pris 92 fois
  • Le résultat moyen est 12 sur 47
Statistiques - réponses
Hint Réponse % Correct
The things I do for love. Jaime Lannister
90%
You know nothing, Jon Snow. Ygrid
81%
Hold the door! Hodor
76%
The man who passes the sentence should swing the sword. Eddard Stark
69%
Power is power. Cersei Lannister
63%
My father won the real war. Joffrey Baratheon
59%
aa Bran Stark
57%
aaa Jon Snow
49%
I want to be THE queen. Margaery Tyrell
46%
Give me ten good men and some climbing spikes. I'll impregnate the b*tch. Bron de la Nera
38%
I couldn't bear to look at him... So I prayed to the gods, "Take him away, make him die." Catelyn Stark
38%
I don't pray anymore. It's the only place I can go where people don't talk to me. Sansa Stark
37%
aaa Tyrion Lannister
34%
There is only one god, and his name is Death. Syrio Forel
29%
No one is very happy. Which means it's a good compromise. Tyrion Lannister
26%
Even now, I could cut through the five of you like carving a cake. Barristan Selmy
25%
aaa Meera Reed
25%
Do you know what leadership means, Lord Snow? It means that the person in charge gets second-guessed by every clever little tw*t with a mouth. But if he starts second-guessing himself, that's the end. Alliser Thorne
22%
I need you to become the man you were born to be. Not tomorrow, not next year. Now! Tywin Lannister
22%
The King s*its and the Hand wipes. Jaime Lannister
21%
I made a choice, and I chose wrong. Theon Greyjoy
19%
Don't be afraid, my sweet baby. Mother's here, nothing will hurt you. Lysa Arryn
18%
The Lords of Westeros are sheep. Olenna Tyrell
18%
We march to victory or we march to defeat. But we go forward. Only forward. Stannis Baratheon
18%
Love is the death of duty. Mestre Aemon
16%
I'm going to kill that. Oberyn Martell
16%
Death is so final, yet life is full of possibilities. Tyrion Lannister
16%
Honor made you leave, and honor brought you back, Jeor Mormont
15%
There's no justice in the world, not unless we make it. Petyr Baelish
15%
Brave men didn't kill dragons. Viserys II Targaryen
15%
Do you think it's honor that's keeping the peace?! It's fear! Fear and blood! Robert Baratheon
13%
aaa Bran Stark
10%
You're not the only one who owes your life to Jon. Davos Mervault
9%
I believe in second chances. I don't believe in third chances. Doran Martell
9%
Respect is how the young keep us at a distance, so we don't remind them of an unpleasant truth. Varys
9%
Jealousy bores me. Ramsey Bolton
7%
I wish you good fortune in the wars to come. Arthur Dayne
6%
When you remove the finery, only purity and authenticity remain. Grand moineau
6%
aaa Jon Snow
6%
aaaa Mance Rayder
6%
Not long enough to understand. Missandei
6%
Lots of things... Podrick Payne
6%
Nothing's more hateful than failing to protect the one you love. Brienne de Torth
4%
When the dog goes bad the fault lies with his master. Kevan Lannister
4%
Everybody knows everything about everyone. Loras Tyrell
4%
I don't feel guilty. That's what's odd. Tommen Baratheon
4%
They're not people. They're monsters. Olly
3%
Aucun quiz correspondant
Distribution des résultats
% des personnes avec chaque résultat
Percentile par nombre de réponses
Votre historique - résultats
Vous n’avez pas pris ce quiz